LEADER 01560nam a2200265 4500 001 000000360535 003 CaOOAMICUS 005 20241031121149.0 008 241031s2003 it a 000 u ita r 020 $a88-8290-588-8 040 $aSeMil$bita 245 03$aLa sapienza degli angeli :$bNonantola e gli scriptoria padani nel Medioevo : Nonantola, Museo benedettino Nonantolano e Diocesano d'arte sacra, 5 aprile 2003 - 20 giugno 2003 /$ca cura di Giuseppa Z. Zanichelli e Mariapia Branchi ; saggio di Giuseppa Z. Zanichelli ; schede di Mariapia Branchi ... [et al.]. 264 1$aModena :$bFranco Cosimo Panini,$c2003. 300 $a207 p. :$briccamente ill. ;$c32 cm 650 4$aManoscritti miniati - Italia settentrionale - Sec. 7.-12.$0(OLS)http://semarc/subject/56573 650 4$aNonantola - Abbazia di Nonantola - Storia.$0(OLS)http://semarc/subject/5331 700 1 $aBranchi, Mariapia.$0(OLS)http://semarc/name/45238 700 1 $aZanichelli, Giuseppa Z.$0(OLS)http://semarc/name/45240 850 $aSeMil 852 $aSeMil$W1$xVenegono$y1$m3T VI 202$j252001$B251544$CSeMilBibl$Z2$F251544 $81 961 $aPerego don Stefano - Omaggio 996 $6020$a88-8290-588-8$9(OLS)http://semarc/number/301680 996 $6245$aLa sapienza degli angeli :$bNonantola e gli scriptoria padani nel Medioevo : Nonantola, Museo benedettino Nonantolano e Diocesano d'arte sacra, 5 aprile 2003 - 20 giugno 2003$9(OLS)http://semarc/title/451050 996 $6264$aModena :$bFranco Cosimo Panini$9(OLS)http://semarc/publisher/32446 LEADER 01542nam a2200301 i 4500 001 000000174138 003 CaOOAMICUS 005 20080926000000.0 008 080926s1986 it u000 u ita u 013 $a151601 040 $aSeMil$bita 240 12$aI genitori di fronte ai condizionamenti ed alle sollecitazioni della società in cui viviamo.$0(OLS)http://semarc/title/408933 240 10$aResponsabilità e difficoltà dell'essere genitori.$0(OLS)http://semarc/title/408934 240 10$aProgetto bambino : 1. e 2. infanzia.$0(OLS)http://semarc/title/408935 240 10$aProgetto bambino : età della scuola elementare.$0(OLS)http://semarc/title/249579 245 10$aEssere genitori oggi. Novembre 1985. 260 $a[S.l. :$bs.n.],$cstampa 1986$e(Varese :$fTipografia G. Caravati,$gstampa 1986) 300 $a86 p. ;$c21 cm. 500 $aIn testa al front : Atti del Corso per Genitori sul tema. - In copertina : Istituto La casa di Varese. Centro per la Famiglia. 700 1 $aGarancini, Gianfranco.$0(OLS)http://semarc/name/6563 700 1 $aOssola, Rosangela.$0(OLS)http://semarc/name/65027 700 1 $aArluno, Graziana.$0(OLS)http://semarc/name/65026 700 1 $aCeriani, Maria Teresa.$0(OLS)http://semarc/name/65025 850 $aSeMil 852 $aSeMil$W1$xVenegono$y1$m5B III 20/9$j124977$B124977$CSeMilBibl$Z2$F166364 $81 961 $aOmaggio: Altro 996 $6245$aEssere genitori oggi. Novembre 1985$9(OLS)http://semarc/title/249578 996 $6260$a[S.l. :$bs.n.]$9(OLS)http://semarc/publisher/29751